| 000 | 00428nam a22001691a 4500 | ||
|---|---|---|---|
| 001 | 3148 | ||
| 003 | OSt | ||
| 005 | 20260204211839.0 | ||
| 008 | 040626s1998||||dr ||||||b||||||||||spa|| | ||
| 050 | _a418.4 C767e | ||
| 082 | _a418.4 C767e | ||
| 245 | _aContenidos y estrategias de lectura para el nivel básico | ||
| 264 | _aSanto Domingo : SEEC | ||
| 300 | _a51 p. | ||
| 650 | _a1.Lectura 2.Lengua EspañolaÌ | ||
| 942 |
_2ddc _cBK |
||
| 999 |
_c3148 _d3148 |
||